Plan de ordenamiento del área urbana de la ciudad de San Benito, municipio de Tipitapa periodo: 2021-2035
El estudio presenta las consecuencias del crecimiento de los centros poblados en la zona de Tipitapa, se ha producido un desborde en los límites urbanos establecidos y desorganización espacial de las áreas urbanas, generando déficit en el equipamiento, infraestructura, vivienda y conflictos en e...
| Main Authors: | , , |
|---|---|
| Other Authors: | |
| Format: | Tesis Section = Libro |
| Language: | Undetermined Spanish |
| Published: |
Managua
UNI
2022
|
| Subjects: |
| LEADER | 01659nam a2200277Ia 4500 | ||
|---|---|---|---|
| 008 | 240830s9999 xx 000 0 und d | ||
| 040 | |a BIBLIOTECA-RUSB/ Mon 711.4 M478 | ||
| 041 | |a spa | ||
| 082 | |a Mon 711.4 M478 | ||
| 100 | 1 | |a McNally Guzmán, Alejandra Olimpo | |
| 100 | 1 | |b Jirón Saballos, Kenner Yuran | |
| 100 | 1 | |c Mairena Villagra, Luis Carlos | |
| 245 | 1 | 0 | |a Plan de ordenamiento del área urbana de la ciudad de San Benito, municipio de Tipitapa periodo: 2021-2035 |
| 260 | |a Managua |b UNI |c 2022 | ||
| 300 | |a 148 p. :il. | ||
| 500 | |a Contiene: anexos y CD. | ||
| 502 | |a Tesis (Arquitecto) - UNI, 2022. | ||
| 520 | 3 | |a El estudio presenta las consecuencias del crecimiento de los centros poblados en la zona de Tipitapa, se ha producido un desborde en los límites urbanos establecidos y desorganización espacial de las áreas urbanas, generando déficit en el equipamiento, infraestructura, vivienda y conflictos en el uso del suelo. De manera particular, en la ciudad de San Benito, donde, debido al inexistente control urbano y el crecimiento urbano de áreas habitacionales caracterizadas por asentamientos urbanos espontáneos, se vuelve prioritaria y necesaria la elaboración de un instrumento ordenador: Plan de Ordenamiento Urbano de la ciudad de San Benito, este facilitará a las autoridades encargadas la regulación urbana, el control y el ordenamiento de la ciudad. | |
| 650 | 7 | |a ORDENAMIENTO URBANO | |
| 650 | 7 | |b PLANIFICACION TERRITORIAL | |
| 650 | 7 | |c DESARROLLO URBANO | |
| 650 | 7 | |d USO DEL SUELO. | |
| 700 | 1 | |a Tutor: |b Rodríguez Rodríguez, Antonio Orlando | |
| 942 | |c BK |2 ddc | ||
| 991 | |a TESIS | ||
| 999 | |c 22330 | ||